|
|
|
|
| LEADER |
00731ncm a22002052a 4500 |
| 001 |
000662848 |
| 003 |
CZ BrMZK |
| 005 |
20220908141351.0 |
| 007 |
qu |
| 008 |
030324s1968 gw f zxx d |
| 040 |
|
|
|a BOA001
|b cze
|
| 072 |
|
7 |
|a 785
|x Instrumentální hudba. Symfonická hudba. Hudba pro více nástrojů
|2 Konspekt
|9 9
|
| 100 |
1 |
|
|a Hein, Eric
|7 mzk2011632275
|4 cmp
|
| 245 |
1 |
0 |
|a Swingin' Evergreens
|h [hudebnina] :
|b ein Tanzpotpourri : Combo /
|c Eric Hein
|
| 260 |
|
|
|a München :
|b Dreiklang-Dreimasken Bühnen-u. Musikverlag,
|c 1968
|
| 300 |
|
|
|a 12 hlasy
|
| 910 |
|
|
|a BOA001
|b Mus3-0694.980
|
| 990 |
|
|
|a MU
|
| 991 |
|
|
|b 201006
|
| 996 |
6 |
|
|b 2619409890
|c Mus3-0694.980
|l MZK
|r Sklad / do 1 hodiny
|n 1
|w 000662848
|u 000010
|a 1
|e BOA001
|j MZK50
|s P
|